Biological organisation, cellular and sub-cellular ; proceedings of a symposium organised on behalf of UNESCO, held at the University of Edinburgh, Scotland, September 1957.

Bibliographic Details
Main Author: Waddington, C. H. (Conrad Hal), 1905-1975
Corporate Author: Unesco
Format: Book
Language:English
Published: London, New York : Symposium Publications Division, Pergamon Press, 1959.
Subjects:

MARC

Tag First Indicator Second Indicator Subfields
LEADER 00000cam a22000001 4500
001 in00000048019
005 20151007065510.0
008 720420s1959 enkac b 00000 eng
010 |a  59012063  
035 |a (OCoLC)00553120 
035 |9 AAE2114AM 
040 |a DLC  |c DLC  |d MCL  |d TXA  |d UtOrBLW 
049 |a TXAM  |c [319270] 
050 0 0 |a QH573  |b .W3 1957 
082 0 |a 574.87082 
092 |a 574.87  |b W118b, 1959 
096 |a QH573 U58o 1957 
100 1 |a Waddington, C. H.  |q (Conrad Hal),  |d 1905-1975. 
245 1 0 |a Biological organisation, cellular and sub-cellular ;  |b proceedings of a symposium organised on behalf of UNESCO, held at the University of Edinburgh, Scotland, September 1957. 
264 1 |a London,  |a New York :  |b Symposium Publications Division, Pergamon Press,  |c 1959. 
300 |a xviii, 328 pages :  |b illustrations, group portrait ;  |c 24 cm. 
336 |a text  |b txt  |2 rdacontent 
337 |a unmediated  |b n  |2 rdamedia 
338 |a volume  |b nc  |2 rdacarrier 
504 |a Includes bibliographies. 
650 0 |a Cells. 
650 2 |a Cell Biology. 
710 2 |a Unesco. 
999 |a MARS 
999 f f |s 62541b16-b752-3c34-9e4d-0e91c700451a  |i 81decd59-b4a4-375a-8834-1dd2a518102b  |t 0 
952 f f |p ric  |a Texas A&M University  |b Rellis Campus  |c Joint Library Facility  |d Remote Storage  |t 0  |e QH573 .W3 1957  |h Library of Congress classification  |i unmediated -- volume  |m A14800974947 
998 f f |a QH573 .W3 1957  |t 0  |l Remote Storage